000 00273 a2200133 4500
000 nam a22 7a 4500
100 _adoshi r
110 _adoshi r
245 _aMachine learning
250 _alatest
260 _bb.p.b
_c2026
264 _bb.p.b
_c2026
942 _cBK
999 _c394925
_d394925